|
|
|
|
| LEADER |
01564nam a22003854a 4500 |
| 001 |
EBC677561 |
| 003 |
MiAaPQ |
| 005 |
20200520144314.0 |
| 006 |
m o d | |
| 007 |
cr cn||||||||| |
| 008 |
070716s2005 cc ab sb 001 0 eng |
| 010 |
|
|
|z 2007320458
|
| 020 |
|
|
|z 9622097499
|
| 020 |
|
|
|z 9789622097490
|
| 035 |
|
|
|a (MiAaPQ)EBC677561
|
| 035 |
|
|
|a (Au-PeEL)EBL677561
|
| 035 |
|
|
|a (CaPaEBR)ebr10388122
|
| 035 |
|
|
|a (CaONFJC)MIL270943
|
| 035 |
|
|
|a (OCoLC)650517165
|
| 040 |
|
|
|a MiAaPQ
|c MiAaPQ
|d MiAaPQ
|
| 050 |
|
4 |
|a HF3840.C36
|b V36 2005
|
| 100 |
1 |
|
|a Van Dyke, Paul Arthur.
|
| 245 |
1 |
4 |
|a The Canton trade
|h [electronic resource] :
|b life and enterprise on the China coast, 1700-1845 /
|c Paul A. Van Dyke.
|
| 260 |
|
|
|a Hong Kong :
|b Hong Kong University Press ;
|a London :
|b Eurospan [distributor],
|c 2005.
|
| 300 |
|
|
|a xviii, 280 p. :
|b ill., map.
|
| 504 |
|
|
|a Includes bibliographical references (p. [229]-266) and index.
|
| 533 |
|
|
|a Electronic reproduction. Ann Arbor, MI : ProQuest, 2015. Available via World Wide Web. Access may be limited to ProQuest affiliated libraries.
|
| 651 |
|
0 |
|a Guangzhou (China)
|x Commerce
|x History
|y 18th century.
|
| 651 |
|
0 |
|a Guangzhou (China)
|x Commerce
|x History
|y 19th century.
|
| 651 |
|
0 |
|a China
|x Commerce
|x History
|y 18th century.
|
| 651 |
|
0 |
|a China
|x Commerce
|x History
|y 19th century.
|
| 651 |
|
0 |
|a China
|x Foreign economic relations.
|
| 655 |
|
4 |
|a Electronic books.
|
| 710 |
2 |
|
|a ProQuest (Firm)
|
| 856 |
4 |
0 |
|u https://ebookcentral.proquest.com/lib/matrademy/detail.action?docID=677561
|z Click to View
|